[Event "Capablanca Memorial Elite 46th"]
[Site "Havana"]
[Date "2011.05.14"]
[Round "4"]
[White "Dominguez Perez, Leinier"]
[Black "Andreikin, Dmitry"]
[Result "0-1"]
[WhiteElo "2726"]
[BlackElo "2687"]
[Annotator "Kritz,L"]
[PlyCount "68"]
[EventDate "2011.05.11"]
[EventType "tourn"]
[EventRounds "10"]
[EventCountry "CUB"]
[EventCategory "19"]
[SourceTitle "CBM 143"]
[Source "ChessBase"]
[SourceDate "2011.07.15"]
[SourceVersion "1"]
[SourceVersionDate "2011.07.15"]
[SourceQuality "1"]

1. e4 c5 2. Nf3 e6 3. d4 cxd4 4. Nxd4 a6 5. c4 Nf6 6. Nc3 Bb4 7. Bd2 Qc7 8. a3
Be7 9. Be3 d6 10. Be2 O-O 11. O-O b6 12. Qd2 Bb7 13. f3 Nbd7 $132 {Es ist eine
typische Igelstellung entstanden, in der beiden Seiten ihre Chancen haben.} 14.
Rfc1 (14. Rac1 Rac8 15. Rfd1 {Das ist eine Standardaufstellung für Weiß.} Qb8
16. Bf1 Rfe8 17. Kh1 Bd8 18. Bg1 h5 19. Qf2 Ne5 $132 {Topalov - Kasimdzhanov 
(Tripoli, 2004). Die Stellung ist ungefähr ausgeglichen.}) 14... Rac8 (14...
Ne5 15. b4 {Der Bauer c4 hängt niemals in solch einer Stellung, weil die
schwarze Dame gefangen wird.} Nxc4 $2 16. Bxc4 Qxc4 17. Na4 $18) 15. a4 ({
Eine alternative Spielweise, die mir besser zu sein scheint, ist} 15. b4 $5 Qb8
16. Kh1 Bd8 17. Bg1 Bc7 18. Rc2 Rfd8 19. Rb1 $14 {Huerga Leache - Vidal Zamora
(Figueres, 2010)}) 15... a5 $5 {Interessant! Schwarz gibt das Feld b5 auf,
stoppt dafür das weiße Spiel mit a4-a5. Wenn er den Bauer d6 halten kann, dann
ist seine Stellung gar nicht so schlecht.} (15... Qb8 16. a5 bxa5 17. Rxa5 Bd8
18. Raa1 Bc7 19. Kh1 Rfe8 20. b4 $16 {Dominguez Perez - Lorenzana (Santiago de
los Caballeros, 2011)}) 16. Ndb5 Qb8 17. Bf4 (17. Rd1 Rc6 $1 (17... Nc5 $2 18.
Nxd6 Rcd8 (18... Nb3 19. Nxc8 Nxd2 20. Nxe7+ Kh8 21. Rxd2 Qc7 22. e5 Ne8 23.
Rad1 Qxe7 24. Rd7 $18) 19. Bxc5 bxc5 20. e5 $18) 18. Bf4 Ne5 {Weiß kann
forciert nichts gewinnen, das heißt, dass Schwarz demnächst Rd8 spielt, den
Bauern d6 verteidigt und danach versucht sein Spiel zu organisieren.}) 17...
Ne5 18. b3 Rfd8 $11 {Zumindest hat Schwarz Ausgleich erreicht.} 19. Kh1 h5 {
Das ist immer ein zweischneidiges Unternehmen. Schwarz will eine Initiative am
Königsflügel entwickeln, doch Weiß bekommt dafür Felder, das erste Feld ist g5.
} 20. Bf1 (20. Rd1 $5 h4 (20... Ng6 21. Be3 $16) 21. Bg5 h3 22. gxh3 $14) 20...
h4 21. Qf2 Rc5 22. Be3 d5 $1 {Den Turm kann man nicht nehmen, die entstehende
Stellung ist kaum zu halten.} 23. exd5 (23. Bxc5 Bxc5 24. Qxh4 dxe4 25. fxe4
Neg4 $17) 23... exd5 24. cxd5 (24. Bxc5 Bxc5 25. Qxh4 dxc4 26. bxc4 Nxf3 27.
gxf3 Bxf3+ 28. Bg2 Bxg2+ 29. Kxg2 Rd2+ 30. Kf1 Rxh2 $19) 24... h3 $1 {Die
schwarze Initiative ist sehr gefährlich!} 25. Rd1 (25. Bxc5 Bxc5 26. Qg3 hxg2+
27. Bxg2 Nxd5 28. Nxd5 Bxd5 $44) (25. d6 $5 {Das könnte die stärkste
Fortsetzung gewesen sein.} Bxd6 26. Nxd6 hxg2+ 27. Bxg2 Nd3 $1 28. Qf1 Qxd6 29.
Bxc5 Qxc5 30. Rc2 Nh5 $44 {Schwarz hat trotzdem superstarke Kompensation.})
25... Nxd5 26. Bxc5 (26. Nxd5 Rcxd5 27. Rxd5 Bxd5 $17 {Schwarz hat Initiative
für nichts.}) 26... Bxc5 27. Qg3 {Verliert.} (27. Qh4 $1 {, um den Turm d8
unter Beschuss zu halten, so dass das Nehmen auf c3 nicht möglich ist.} hxg2+
28. Bxg2 Ng6 29. Qg3 Ngf4 30. Nxd5 Bxd5 31. Nc3 $132) 27... Nxc3 28. Rxd8+ (28.
Nxc3 Bd4 29. Rac1 hxg2+ 30. Bxg2 Bxc3 $19) 28... Qxd8 29. Qxe5 (29. Nxc3 Qd4
$19) 29... Nd1 $1 $19 {Weiß kann aufgeben.} 30. Ra2 (30. gxh3 Bxf3+ 31. Bg2 Qd3
$19) 30... Ne3 (30... Nf2+ $2 31. Rxf2 Bxf2 32. Nd6 Ba8 33. Nf5 $11) 31. Nc3 (
31. Qa1 Qg5 $19) 31... Nxf1 32. Re2 Nd2 33. Qg3 hxg2+ 34. Rxg2 g6 0-1

[Event "RUS-ch Higher League 65th"]
[Site "Tiumen"]
[Date "2012.06.25"]
[Round "9"]
[White "Nepomniachtchi, Ian"]
[Black "Andreikin, Dmitry"]
[Result "0-1"]
[WhiteElo "2716"]
[BlackElo "2700"]
[Annotator "Andreikin,D"]
[PlyCount "80"]
[EventDate "2012.06.16"]
[EventType "swiss"]
[EventRounds "11"]
[EventCountry "RUS"]
[SourceTitle "CBM 149"]
[Source "ChessBase"]
[SourceDate "2012.07.17"]
[SourceVersion "1"]
[SourceVersionDate "2012.07.17"]
[SourceQuality "1"]

1. e4 e5 2. Nf3 Nc6 3. Bb5 Nf6 {Ian Nepomniachtchi is a brilliant
combinational player, who plays dynamic tactical positions very well.
Therefore, I decided to play the Berlin endgame, to get the queens off. In
addition, I was half a point ahead of my opponent and a draw was a perfectly
satisfactory result for me.} 4. d3 {My opponent does not want to force matters,
preferring a long game with plenty of pieces on the board. I was prepared for
such an approach.} d6 {The main variation here involves bringing out the
dark-squared bishop.} (4... Bc5 5. O-O d6 6. c3 O-O 7. h3 Ne7 8. Nbd2 a6 9. Ba4
Ng6 10. d4 Ba7 $11 11. Re1 b5 12. Bc2 c5 13. d5 c4 14. Nf1 Nh5 15. Bg5 f6 16.
Be3 Nhf4 17. Ng3 Ne7 18. a4 Qc7 19. axb5 axb5 20. Ra3 Bxe3 21. Rxa8 Bb6 22. Qd2
Qc5 23. Qe3 Qc7 24. Qd2 Qc5 25. Qe3 Qc7 {1/2 Radjabov,T (2784)-Kramnik,V (2801)
/Moscow RUS 2012/}) 5. c3 Bd7 {Black intends to bring the bishop to g7, after
the pawn move.} ({It is dangerous to play at once} 5... g6 $6 6. d4 $1 Bg7 7.
dxe5 Nxe4 8. Qd5 Nc5 9. Bg5 Qd7 10. O-O O-O 11. exd6 Qxd6 12. Qxd6 cxd6) 6. O-O
g6 7. Nbd2 {White continues the logical development of his pieces.} ({A King's
Indian structure would have arisen after} 7. d4 Bg7 8. d5 Ne7 9. Bxd7+ Nxd7 10.
c4 O-O 11. Nc3 h6 12. Qc2 f5 $132) 7... Bg7 8. Re1 O-O 9. Nf1 Nh5 $1 {This
move is the main idea of Black's development. The knight covers the square g3,
where the white knight would be conveniently placed. In addition, after some
preparation, Black can advance f7-f5.} 10. Ne3 {White changes the path of his
knight and will now bring it to d5. After the game, Ian said he slightly
confused the move-order and that he should have started with} (10. Ba4 $5 {
after which White plays d3-d4. Of course, this move cannot be played at once:})
(10. d4 $6 Nxd4 $1 11. Nxd4 exd4 12. Bxd7 Qxd7 13. cxd4 Rae8 14. f3 f5 $36)
10... Nf4 {Black is not ready to give up the important square d5.} 11. Ba4 {
With this move, White prepares the advance d3-d4, which again fails if played
at once.} (11. d4 $2 Nxd4 $15) 11... Re8 {A perfectly natural move, once again
stopping the central pawn advance.} ({It looks too dangerous for Black to play
} 11... f5 $6 12. exf5 gxf5 13. Nf1 $5 Ne6 (13... Ng6 $2 14. Bb3+ Kh8 15. Ng5
$18) 14. Bb3 Qf6 15. Ng3 $40) 12. g3 $1 {This move surprised me. White changes
his plan.} ({I expected} 12. Bc2 a5 $1 13. d4 exd4 14. cxd4 Nb4 15. Bb1 Bb5 $36
) 12... Ne6 {The knight move to h3 was also possible, but I did not wish to
risk placing this piece on a poorly defended square.} (12... Nh3+ $5 13. Kg2
Ne7 14. Bxd7 Qxd7 15. Qb3 Rab8 {and it is difficult for White to strengthen
his position. The knight on h3 is in a dangerous position, but is not
vulnerable in the next few moves.} 16. d4 $5 exd4 17. cxd4 g5 $1 $132) 13. Nh4
$1 {My opponent finds a very original idea for the Spanish. White places his
knights in such a way as to make a battering ram out of his f-pawn, to attack
the black king.} Kh8 {The last prophylactic move.} 14. Bc2 {It would be
interesting to put the bishop on b3.} (14. Bb3 $5 {however, after this I
planned} Na5 15. Bc2 c5 $5 {after which Black improves his position in the
centre.}) 14... Ne7 {This move is played with the aim of freeing c6 for the
bishop, after which BLack can start central play with d6-d5 or f7-f5.} 15. Neg2
$5 {The placing of White's knights looks rather strange, but he has a concrete
idea - to advance his f-pawn. What should Black do?} d5 $6 {Maybe it was
better to start with the bishop move, and then decide with which pawn to meet
White's offensive:} (15... Bc6 $5 16. f4 exf4 17. gxf4 f5 $1 18. exf5 Nxf5 19.
Nxf5 gxf5 20. d4 Bxg2 21. Kxg2 Bh6 22. Bxf5 Nxf4+ 23. Bxf4 Rxe1 24. Qxe1 Bxf4
$11) 16. f4 {My opponent continues with his intended plan.} ({White had other
possibilities at his disposal:} 16. exd5 $5 Nxd5 17. Nf3 Nf8 (17... f6 18. h4
$40) 18. Bb3 c6 (18... Bc6 $6 19. d4 $1 exd4 20. Nxd4 Rxe1+ 21. Nxe1 Be8 22.
Nd3 $14) 19. Ne3 Nxe3 20. Bxe3 Ne6 21. h4 $5 $14) 16... dxe4 $6 {Again I
played an inaccurate move. In the variation} (16... exf4 17. gxf4 d4 $1 18. c4
Nc6 19. a3 a5 {Black is perfectly OK.}) 17. dxe4 Bc6 18. Qg4 {Of course, Ian
does not agree to the exchange of queens.} Ng8 $2 {I had intended this move
when I played my king to h8. The move is OK in principle, but at this exact
moment, it was necessary to calculate a concrete variation:} (18... exf4 $1 19.
gxf4 Nc5 $1 20. f5 gxf5 21. exf5 Nd5 22. Bg5 Nf6 $1 23. Rxe8+ Qxe8 24. Qc4 Ncd7
25. Re1 Qg8 26. Bb3 Bf8 $1 $15) 19. f5 Nf6 20. Qh3 $2 {The trap succeeds!
White should have played the queen to f3, keeping a space advantage. It
appears that Ian wanted to give mate as soon as possible.} (20. Qf3 $1 Nc5 21.
Bg5 $14) 20... g5 $1 $15 21. g4 $1 (21. fxe6 $2 g4 22. Ng6+ $8 fxg6 23. Qh4
Rxe6 $17) (21. Ne3 Nf4 $1 22. gxf4 gxh4 23. fxe5 Rxe5 24. Ng4 Nxg4 25. Qxg4 Qe7
26. Bg5 Bf6 27. Bxf6+ Qxf6 $15) (21. Bd1 g4 $5 22. Bxg4 Nc5 $15) 21... Nf4 22.
Bxf4 exf4 23. Rad1 Qe7 $1 {This is a natural move, but in playing it. Black
needed to see his 25th move. Therefore, at first I intended to play more
solidly:} (23... Nd7 $6 24. Nf3 h6 25. e5 $1 Bxf3 26. Qxf3 Bxe5 27. Qxb7 Bd6
$11) 24. Nf3 Qc5+ 25. Kh1 Kg8 $1 {A clever move, forcing White to take the
g5-pawn. Of course, Black cannot take on e4 at once:} (25... Bxe4 $2 26. Bxe4
Rxe4 (26... Nxe4 $4 27. Rxe4 Rxe4 28. Nxg5 $18) 27. Nxg5 Rxe1+ 28. Rxe1 Qd5 29.
Qf3 Qxf3 30. Nxf3 Nxg4 31. Re7 $36) 26. Nxg5 {Forced.} (26. e5 $2 Qf2 $19)
26... h6 $6 {During the game, I thought I had played a very strong idea and
that White was already defenceless. However, I was wrong.} ({It was stronger
to start with the active queen move} 26... Qf2 $5 27. Bb1 (27. Bb3 Nxe4 $1 28.
Bxf7+ Kf8 29. Nxe4 Rxe4 30. Rf1 $8 Qe2 31. f6 Kxf7 32. fxg7 Kxg7 33. Kg1 Rf8
34. Rfe1 Qxb2 $19) 27... Rad8 $1 28. Qf3 Qxb2 29. Rxd8 Rxd8 30. Nxf4 h6 31.
Ngh3 Rd2 32. Qg3 Qxb1 $5 33. Rxb1 Nxe4 34. Qg2 Nxc3 35. Qxc6 bxc6 36. Rb8+ Kh7
37. g5 Be5 38. g6+ fxg6 39. fxg6+ Kg7 40. Re8 Bf6 $17) 27. Nf3 $2 {The
decisive mistake. White had a perfectly good alternative:} (27. Nxf7 $1 {
I underestimated this move during the game:} Kxf7 28. Qf3 $3 {I think we both
missed this possibility. I calculated the variation} (28. Bb3+ $4 Kf8 29. Nxf4
Rxe4 30. Ng6+ Ke8 $19) (28. Nxf4 $4 Rxe4 29. Rxe4 Nxe4 30. Bb3+ Ke7 31. Re1 Re8
$19) 28... Bf8 $1 29. Nxf4 Bd6 $15 {White has a powerful pawn centre for the
piece, but the black bishops are very well posted, which assures him a small
advantage.}) 27... Nxe4 $17 28. Bxe4 {White could make a desperate attempt to
start an attack without giving up the bishop:} (28. Rxe4 Rxe4 $1 29. g5 Re2 30.
gxh6 Bf6 31. Bb3 Qf2 $19) 28... Rxe4 29. Rxe4 $6 {It may be that White should
keep both pairs of rooks on the board, so as to be able to complicate the game,
although the assessment does not change:} (29. Rg1 $5 Re2 30. g5 hxg5 31. Nxg5
Rxb2 32. Qh7+ Kf8 33. Qh5 Qe7 $19 {Thanks to the bishop on c6, Black
completely controls the position. The white king is in a more dangerous
position than the black.}) 29... Bxe4 $19 {Now the black bishops easily break
down the white defences. The bad position of the white queen is also a factor.}
30. Nge1 {One can understand White wishing to bring his queen closer to the
centre and to strengthen the h1-a8 diagonal.} Re8 $6 {A natural move, but a
quicker win was} (30... Qe3 $1 {The white pieces are totally paralysed.} 31.
Qf1 Bf6 32. Kg2 Bh4 $19 {Black does not even need the help of his Ra8 in order
to win material! I think this is a wonderful example of bishops dominating
knights.}) 31. Qf1 Bc6 {I was a bit short of time and decided to play the most
natural moves. The quiet queen move would have won a pawn and activated the
bishop g7:} (31... Qb6 $5 32. b3 (32. Rd2 Qe3 $19) 32... Bxc3 33. Ng2 Qc6 34.
Ngh4 Be1 $1 35. Rxe1 Bxf3+ 36. Nxf3 Rxe1 37. Qxe1 Qxf3+ 38. Kg1 Qxg4+ 39. Kf1
Qxf5 $19) 32. h3 Bf6 {The second bishop comes into play! The idea is correct,
but I should first have limited White's possibilities:} (32... Qe3 $1 33. Kh2
$8 Bf6 34. Rd3 (34. a3 Bh4 $19) 34... Qe2+ 35. Qxe2 Rxe2+ 36. Kg1 Rxb2 $19) 33.
Ng2 {I had not seen this defensive possibility, counting only on} (33. Kh2 Qe3
$1 {with the familiar win.}) 33... h5 $2 {As a consequence of missing White's
33rd move, I was a little upset.} ({I could have won at once with} 33... Bb5 $1
34. Qg1 Qc6 {and White cannot avoid material loss.}) 34. Re1 $2 (34. g5 $5 Qxf5
35. Kh2 Be7 36. Ngh4 Qc5 $19 {Black is winning but this should still have been
tried.}) 34... Rxe1 $1 {This time I did not spoil my chance to connect the
knights! After the game Ian told me, that has hoped for 34...Rd8.} 35. Ngxe1 (
35. Nfxe1 Qe3 $1 $19) 35... Qe3 $1 $19 {Now the white knights are tied down to
each other and one will sooner or later be lost.} 36. gxh5 (36. Kh2 Bh4 37.
Nxh4 Qg3#) (36. Kg2 Bh4 37. Nd3 Bb5 38. Nfe5 f6 39. c4 Qg3+ 40. Kh1 Be8 41. Nf3
Bc6 $19) 36... Bh4 37. Qg1+ (37. Qg2+ Kh7 38. f6 Qxe1+ 39. Nxe1 Bxe1 $19) 37...
Bg3 38. Qxe3 fxe3 39. Kg1 Bxf3 (39... e2 $19) 40. Nxf3 e2 {A game with many
mistakes from both players, but of very great sporting significance. After
this win, I went to +4 and with draws in the last two rounds, I took first
place in the tournament.} 0-1